• 首页
  • 本馆介绍
  • 公告通知
  • 最新文献
  • 馆藏检索
  • 电子资源
  • 读者导购
  • 参考咨询
  • 我的图书馆
  • 登录
  • 详细信息显示
  • 放入我的书架
  • 预约/预借图书
  • 作者相关作品
  • 分类相关作品
  • 丛书相关作品
  • 出版社相关作品

书目信息

  • 表格格式
  • 工作单格式
  • 卡片格式
题名:
中国力学学会第二届流体力学学术会议论文集
    
 
作者: ;本书编辑委员会 编
分册:  
出版信息: 北京   科学出版社  1983
页数: 335页
开本: 26cm
丛书名:
单 册:
中图分类: O35
科图分类:
主题词: 流体力学
电子资源:
ISBN:
000 00640nam0 2200205 45
001 0405181069
005 20040518110025.3
010    @dCNY3.35
091    @a13031.2167
100    @a20040518d1983 km y0chiy0120 ea
101 0  @achi
105    @a z 000yy
200 1  @a中国力学学会第二届流体力学学术会议论文集@AZhong Guo Li Xue Xue Hui Di Er Jie Liu Ti Li Xue Xue Shu Hui Yi Lun Wen Ji@f本书编辑委员会编@FBen Shu Bian Ji Wei Yuan Hui Bian
210    @a北京@c科学出版社@d1983
215    @a335页@d26cm
606 0  @a流体力学
690    @aO35@v3
711 02 @a本书编辑委员会@4编
801    @aCN@bPftUser@c20040518
905    @f1@b99656@dO35@e11
    
    中国力学学会第二届流体力学学术会议论文集/本书编辑委员会编.-北京:科学出版社,1983
    335页;26cm
    
    
    ISBN :CNY3.35
    
●
相关链接 在E读中查询图书 在五车中查询图书 在当当中查询图书 在豆瓣中查询图书


正题名:中国力学学会第二届流体力学学术会议论文集     索取号:O35/11         预约/预借

序号 登录号 条形码 馆藏地/架位号 状态 备注
1 0099656   000386102   第三借阅区/ [索取号:O35/11] 在馆    
2 0099657   000386111   第二样本阅览室/ [索取号:O35/11] 在馆    
唐山师范学院图书馆 欢迎您!
大连网信软件有限公司© 版权所有